{"text_format":"3","workbook":"xlsx","n_sheets":1,"sheets":["Foglio1"],"not_rendered":{"defined_names":1},"read":"whole","date_system":"1900"}

{"sheet":"Foglio1","index":0,"n_rows":223,"n_cols":14,"rows_kept":223,"merged":[[0,0,0,13],[1,0,1,5],[1,6,1,9],[1,10,1,13],[208,0,208,4],[208,6,208,8],[208,10,208,12],[210,6,210,11],[210,12,210,13],[211,6,211,11],[211,12,211,13],[212,6,212,9],[212,10,212,13],[213,0,213,3],[213,6,213,9],[213,10,213,13],[214,2,214,3],[215,2,215,3],[216,2,216,3],[217,2,217,3],[218,2,218,3],[219,2,219,3],[220,2,220,3],[221,2,221,3],[221,5,221,7],[221,8,221,12],[222,2,222,3]]}
["SCHEMA OFFERTA RICAMBI IVECO"]
["ELENCO RICAMBI",{"$nulls":5},"RICAMBI ORIGINALI OFFERTI",{"$nulls":3},"RICAMBI EQUIVALENTI OFFERTI"]
["Descrizione del ricambio","P.N.\nOriginale","Unità di misura","Q.tà","Prezzo unitario a base d'asta","Prezzo totale a base d'asta","Marca","P. N. ","Prezzo unitario ","Prezzo\ntotale","Marca","P. N. ","Prezzo unitario","Prezzo\ntotale"]
["ADESIVO LIMITE VELOCITA'","8191489","NR",40,{"v":8.712,"d":"8.71"},{"$f":"D4*E4","v":348.48},{"$nulls":3},{"$f":"I4*D4","v":0},{"$nulls":3},{"$f":"M4*D4","v":0}]
["ADESIVO LIMITE VELOCITA'","8191488","NR",40,{"v":8.129,"d":"8.13"},{"v":325.15999999999997,"d":"325.16"},{"$nulls":3},{"$f":"I5*D5","v":0},{"$nulls":3},{"$f":"M5*D5","v":0}]
["ALBERINO","500317471","NR",70,{"v":94.56700000000001,"d":"94.57"},{"v":6619.6900000000005,"d":"6,619.69"},{"$nulls":3},{"$f":"I6*D6","v":0},{"$nulls":3},{"$f":"M6*D6","v":0}]
["ALBERO","98446827","NR",40,543.84,{"v":21753.600000000002,"d":"21,753.60"},{"$nulls":3},0,{"$nulls":3},0]
["ALBERO MOTORE","61320997","NR",10,{"v":6241.8730000000005,"d":"6,241.87"},{"v":62418.73,"d":"62,418.73"},{"$nulls":3},0,{"$nulls":3},0]
["ALTERNATORE","42575000","NR",12,{"v":3602.8740000000003,"d":"3,602.87"},{"v":43234.488000000005,"d":"43,234.49"},{"$nulls":3},0,{"$nulls":3},0]
["ALTERNATORE","4831585","NR",12,{"v":3602.8740000000003,"d":"3,602.87"},{"v":43234.488000000005,"d":"43,234.49"},{"$nulls":3},0,{"$nulls":3},0]
["ALTERNATORE ","98424453","NR",12,{"v":732.6220000000001,"d":"732.62"},{"v":8791.464,"d":"8,791.46"},{"$nulls":3},0,{"$nulls":3},0]
["AMMORTIZZATORE","93161639","NR",8,{"v":477.10300000000007,"d":"477.10"},{"$f":"D12*E12","v":{"v":3816.8240000000005,"d":"3,816.82"}},{"$nulls":3},0,{"$nulls":3},0]
["AMMORTIZZATORE","504023848","NR",8,{"v":217.019,"d":"217.02"},{"v":1736.152,"d":"1,736.15"},{"$nulls":3},0,{"$nulls":3},0]
["AMMORTIZZATORE ","5006306267","NR",20,{"v":185.394,"d":"185.39"},{"v":3707.88,"d":"3,707.88"},{"$nulls":3},0,{"$nulls":3},0]
["AMMORTIZZATORE","5006306266","NR",20,{"v":190.344,"d":"190.34"},{"v":3806.88,"d":"3,806.88"},{"$nulls":3},0,{"$nulls":3},0]
["ANELLO","7169349","NR",96,{"v":26.455000000000002,"d":"26.46"},{"v":2539.6800000000003,"d":"2,539.68"},{"$nulls":3},0,{"$nulls":3},0]
["BARRA DI REAZIONE","99431741","NR",4,{"v":319.946,"d":"319.95"},{"v":1279.784,"d":"1,279.78"},{"$nulls":3},0,{"$nulls":3},0]
["BARRA STABILIZZATRICE","500340066","NR",4,{"v":645.139,"d":"645.14"},{"v":2580.556,"d":"2,580.56"},{"$nulls":3},0,{"$nulls":3},0]
["BARRA STABILIZZATRICE","98489616","NR",4,{"v":791.043,"d":"791.04"},{"v":3164.172,"d":"3,164.17"},{"$nulls":3},0,{"$nulls":3},0]
["BULLONE DI BIELLA","61315181","NR",6,{"v":4.433000000000001,"d":"4.43"},{"v":26.598000000000006,"d":"26.60"},{"$nulls":3},0,{"$nulls":3},0]
["CANNA CILINDRO","98429670","NR",36,{"v":339.90000000000003,"d":"339.90"},{"v":12236.400000000001,"d":"12,236.40"},{"$nulls":3},0,{"$nulls":3},0]
["CARTUCCIA ESSICCATORE","2992261","NR",132,{"v":50.292,"d":"50.29"},{"v":6638.544,"d":"6,638.54"},{"$nulls":3},0,{"$nulls":3},0]
["CARTUCCIA FILTRO OLIO","1903629","NR",20,{"v":36.432,"d":"36.43"},{"v":728.6400000000001,"d":"728.64"},{"$nulls":3},0,{"$nulls":3},0]
["CARTUCCIA FILTRO OLIO","1902135","NR",10,{"v":23.738,"d":"23.74"},237.38,{"$nulls":3},0,{"$nulls":3},0]
["CAVALLOTTO","1236700","NR",24,{"v":17.435000000000002,"d":"17.44"},{"v":418.44000000000005,"d":"418.44"},{"$nulls":3},0,{"$nulls":3},0]
["CAVO ACCELLERATORE","99483275","NR",120,{"v":217.536,"d":"217.54"},{"v":26104.32,"d":"26,104.32"},{"$nulls":3},0,{"$nulls":3},0]
["CELLA SOSP. PNEUMATICA","4716989","NR",60,{"v":133.892,"d":"133.89"},{"v":8033.5199999999995,"d":"8,033.52"},{"$nulls":3},0,{"$nulls":3},0]
["CELLA SOSP. PNEUMATICA ","500055250","NR",20,{"v":125.4,"d":"125.40"},{"v":2508,"d":"2,508.00"},{"$nulls":3},0,{"$nulls":3},0]
["CERCHIO RUOTA","41270423","NR",80,{"v":618.321,"d":"618.32"},{"v":49465.68,"d":"49,465.68"},{"$nulls":3},0,{"$nulls":3},0]
["CìGHIERA SCANALATA ","7169346","NR",70,{"v":93.808,"d":"93.81"},{"v":6566.56,"d":"6,566.56"},{"$nulls":3},0,{"$nulls":3},0]
["CILINDRO FRENO","41006333","NR",2,{"v":1019.7110000000001,"d":"1,019.71"},{"v":2039.4220000000003,"d":"2,039.42"},{"$nulls":3},0,{"$nulls":3},0]
["CILINDRO FRENO","8169241","NR",8,{"v":608.1240000000001,"d":"608.12"},{"v":4864.992000000001,"d":"4,864.99"},{"$nulls":3},0,{"$nulls":3},0]
["CILINDRO PNEUM.","98161438","NR",4,{"v":896.104,"d":"896.10"},{"v":3584.416,"d":"3,584.42"},{"$nulls":3},0,{"$nulls":3},0]
["CINGHIA ALTERNATORE","98493646","NR",26,{"v":67.364,"d":"67.36"},{"v":1751.4640000000002,"d":"1,751.46"},{"$nulls":3},0,{"$nulls":3},0]
["CINGHIA DI COMANDO ","8174398","NR",240,{"v":88.37400000000001,"d":"88.37"},{"v":21209.760000000002,"d":"21,209.76"},{"$nulls":3},0,{"$nulls":3},0]
["COLLARE DI FISSAGGIO","99437797","NR",72,{"v":40.172000000000004,"d":"40.17"},{"v":2892.3840000000005,"d":"2,892.38"},{"$nulls":3},0,{"$nulls":3},0]
["COLLARE DI FISSAGGIO","99440119","NR",200,{"v":12.056000000000003,"d":"12.06"},{"v":2411.2000000000007,"d":"2,411.20"},{"$nulls":3},0,{"$nulls":3},0]
["COLLETTORE SCARICO","61321103","NR",70,{"v":367.10300000000007,"d":"367.10"},{"v":25697.210000000006,"d":"25,697.21"},{"$nulls":3},0,{"$nulls":3},0]
["COLLETTORE SCARICO","61321104","NR",50,{"v":321.365,"d":"321.37"},{"v":16068.25,"d":"16,068.25"},{"$nulls":3},0,{"$nulls":3},0]
["COPERCHIO","61318956","NR",100,{"v":254.62800000000001,"d":"254.63"},{"v":25462.800000000003,"d":"25,462.80"},{"$nulls":3},0,{"$nulls":3},0]
["COPERCHIO SCAMBIATORE","99431655","NR",60,{"v":292.32500000000005,"d":"292.33"},{"v":17539.500000000004,"d":"17,539.50"},{"$nulls":3},0,{"$nulls":3},0]
["COPERCHIO SCAMBIATORE","99431656","NR",56,{"v":223.71800000000002,"d":"223.72"},{"v":12528.208,"d":"12,528.21"},{"$nulls":3},0,{"$nulls":3},0]
["CORPO TERMOSTATO","61319248","NR",4,{"v":385.63800000000003,"d":"385.64"},{"v":1542.5520000000001,"d":"1,542.55"},{"$nulls":3},0,{"$nulls":3},0]
["CORREDO","93162059","NR",4,{"v":578.4570000000001,"d":"578.46"},{"v":2313.8280000000004,"d":"2,313.83"},{"$nulls":3},0,{"$nulls":3},0]
["CRISTALLO","99487259","NR",6,{"v":663.487,"d":"663.49"},{"v":3980.9219999999996,"d":"3,980.92"},{"$nulls":3},0,{"$nulls":3},0]
["CUSCINETTI RUOTE","1905172","NR",2,{"v":338.67900000000003,"d":"338.68"},{"v":677.3580000000001,"d":"677.36"},{"$nulls":3},0,{"$nulls":3},0]
["CUSCINETTI RUOTE","7164543","NR",4,{"v":338.67900000000003,"d":"338.68"},{"v":1354.7160000000001,"d":"1,354.72"},{"$nulls":3},0,{"$nulls":3},0]
["CUSCINETTO A SFERE ","274198","NR",200,{"v":18.546,"d":"18.55"},{"v":3709.2,"d":"3,709.20"},{"$nulls":3},0,{"$nulls":3},0]
["CUSCINETTO DIFFERENZIALE","8190538","NR",4,{"v":266.20000000000005,"d":"266.20"},{"v":1064.8000000000002,"d":"1,064.80"},{"$nulls":3},0,{"$nulls":3},0]
["DADO","93191993","NR",48,{"v":9.713000000000001,"d":"9.71"},{"v":466.22400000000005,"d":"466.22"},{"$nulls":3},0,{"$nulls":3},0]
["DADO ESAGONALE","12575021","NR",200,{"v":7.216,"d":"7.22"},{"v":1443.2,"d":"1,443.20"},{"$nulls":3},0,{"$nulls":3},0]
["DEVIO LUCI","99445168","NR",40,{"v":404.17300000000006,"d":"404.17"},{"v":16166.920000000002,"d":"16,166.92"},{"$nulls":3},0,{"$nulls":3},0]
["DIFFERENZIALE","93194333","NR",2,{"v":5185.081,"d":"5,185.08"},{"v":10370.162,"d":"10,370.16"},{"$nulls":3},0,{"$nulls":3},0]
["DISTANZIALE","99436634","NR",56,{"v":22.143,"d":"22.14"},{"v":1240.008,"d":"1,240.01"},{"$nulls":3},0,{"$nulls":3},0]
["ELETTROMAGNETE","79033664","NR",20,{"v":315.33700000000005,"d":"315.34"},{"v":6306.740000000001,"d":"6,306.74"},{"$nulls":3},0,{"$nulls":3},0]
["ELETTROVALVOLA","98490676","NR",2,{"v":2051.775,"d":"2,051.78"},{"v":4103.55,"d":"4,103.55"},{"$nulls":3},0,{"$nulls":3},0]
["ELETTROVENTILATORE","42471081","NR",4,{"v":526.548,"d":"526.55"},{"v":2106.192,"d":"2,106.19"},{"$nulls":3},0,{"$nulls":3},0]
["ELETTROVENTOLA ","42471054","NR",8,{"v":945.5600000000001,"d":"945.56"},{"v":7564.4800000000005,"d":"7,564.48"},{"$nulls":3},0,{"$nulls":3},0]
["ESSICCATORE","8160475","NR",10,{"v":428.0760000000001,"d":"428.08"},{"v":4280.760000000001,"d":"4,280.76"},{"$nulls":3},0,{"$nulls":3},0]
["FANALINO","99441271","NR",20,{"v":107.53600000000002,"d":"107.54"},{"v":2150.7200000000003,"d":"2,150.72"},{"$nulls":3},0,{"$nulls":3},0]
["FANALINO","99441272","NR",4,{"v":122.99100000000001,"d":"122.99"},{"v":491.96400000000006,"d":"491.96"},{"$nulls":3},0,{"$nulls":3},0]
["FANALINO","99441273","NR",10,{"v":103.82900000000001,"d":"103.83"},{"v":1038.29,"d":"1,038.29"},{"$nulls":3},0,{"$nulls":3},0]
["FANALINO","99441274","NR",10,{"v":109.39500000000001,"d":"109.40"},{"v":1093.95,"d":"1,093.95"},{"$nulls":3},0,{"$nulls":3},0]
["FANALINO ","98460038","NR",10,{"v":79.101,"d":"79.10"},791.01,{"$nulls":3},0,{"$nulls":3},0]
["FANALINO","8124052","NR",2,{"v":12.749,"d":"12.75"},{"v":25.498,"d":"25.50"},{"$nulls":3},0,{"$nulls":3},0]
["FARO","4861794","NR",2,{"v":285.52700000000004,"d":"285.53"},{"v":571.0540000000001,"d":"571.05"},{"$nulls":3},0,{"$nulls":3},0]
["FARO","4861793","NR",4,{"v":285.52700000000004,"d":"285.53"},{"v":1142.1080000000002,"d":"1,142.11"},{"$nulls":3},0,{"$nulls":3},0]
["FILTRO","1908312","NR",88,{"v":25.212000000000003,"d":"25.21"},{"$f":"D68*E68","v":{"v":2218.6560000000004,"d":"2,218.66"}},{"$nulls":3},0,{"$nulls":3},0]
["FILTRO ACQUA ","1901776","NR",92,{"v":12.485000000000001,"d":"12.49"},{"v":1148.6200000000001,"d":"1,148.62"},{"$nulls":3},0,{"$nulls":3},0]
["FILTRO ARIA","2996154","NR",84,{"v":124.20100000000001,"d":"124.20"},{"v":10432.884,"d":"10,432.88"},{"$nulls":3},{"$f":"I70*D70","v":0},{"$nulls":3},{"$f":"M70*D70","v":0}]
["FILTRO ARIA  ","1901902","NR",50,{"v":111.881,"d":"111.88"},{"v":5594.05,"d":"5,594.05"},{"$nulls":3},0,{"$nulls":3},0]
["FILTRO AUTISTA","500343797","NR",12,{"v":54.39500000000001,"d":"54.40"},{"v":652.7400000000001,"d":"652.74"},{"$nulls":3},0,{"$nulls":3},0]
["FILTRO COMBUSTIBILE","1902134","NR",88,{"v":21.219,"d":"21.22"},{"v":1867.2720000000002,"d":"1,867.27"},{"$nulls":3},0,{"$nulls":3},0]
["FILTRO COMBUSTIBILE","99460566","NR",2,{"v":777.7990000000001,"d":"777.80"},{"v":1555.5980000000002,"d":"1,555.60"},{"$nulls":3},0,{"$nulls":3},0]
["FILTRO GASOLIO","1908547","NR",88,{"v":36.014,"d":"36.01"},{"v":3169.2320000000004,"d":"3,169.23"},{"$nulls":3},0,{"$nulls":3},0]
["FILTRO NAFTA ","1907640","NR",30,21.34,{"v":640.2,"d":"640.20"},{"$nulls":3},0,{"$nulls":3},0]
["FILTRO OLIO ","2997305","NR",200,{"v":36.432,"d":"36.43"},{"v":7286.400000000001,"d":"7,286.40"},{"$nulls":3},0,{"$nulls":3},0]
["FILTRO OLIO CAMBIO","42491185","NR",20,{"v":71.08200000000001,"d":"71.08"},{"v":1421.64,"d":"1,421.64"},{"$nulls":3},0,{"$nulls":3},0]
["FILTRO OLIO CAMBIO ","42563320","NR",80,{"v":70.752,"d":"70.75"},{"v":5660.16,"d":"5,660.16"},{"$nulls":3},0,{"$nulls":3},0]
["FILTRO OLIO","46805832","NR",2,14.52,29.04,{"$nulls":3},0,{"$nulls":3},0]
["FLESSIBILE","42535476","NR",80,{"v":60.56600000000001,"d":"60.57"},{"v":4845.280000000001,"d":"4,845.28"},{"$nulls":3},0,{"$nulls":3},0]
["GHIERA","7175135","NR",96,{"v":30.294,"d":"30.29"},{"v":2908.224,"d":"2,908.22"},{"$nulls":3},0,{"$nulls":3},0]
["GIUNTO SFERICO","97486785","NR",4,{"v":71.08200000000001,"d":"71.08"},{"v":284.32800000000003,"d":"284.33"},{"$nulls":3},0,{"$nulls":3},0]
["GOMITO","61320861","NR",44,{"v":43.879000000000005,"d":"43.88"},{"v":1930.6760000000002,"d":"1,930.68"},{"$nulls":3},0,{"$nulls":3},0]
["GOMITO DI SCARICO","61320549","NR",92,{"v":60.225,"d":"60.23"},{"v":5540.7,"d":"5,540.70"},{"$nulls":3},0,{"$nulls":3},0]
["GRUPPO CANNA PISTONE ","2996899","NR",24,{"v":1176.0650000000003,"d":"1,176.07"},{"v":28225.560000000005,"d":"28,225.56"},{"$nulls":3},0,{"$nulls":3},0]
["INTERRUTTORE","42530022","NR",60,{"v":254.11100000000002,"d":"254.11"},{"v":15246.660000000002,"d":"15,246.66"},{"$nulls":3},0,{"$nulls":3},0]
["INTERRUTTORE ","42535326","NR",200,{"v":58.003,"d":"58.00"},{"v":11600.6,"d":"11,600.60"},{"$nulls":3},0,{"$nulls":3},0]
["INTERRUTTORE RICHIESTA FERMATA","4850154","NR",90,9.02,{"v":811.8,"d":"811.80"},{"$nulls":3},0,{"$nulls":3},0]
["KIT CILINDRETTO FRENO","93161768","NR",10,{"v":421.49800000000005,"d":"421.50"},{"v":4214.9800000000005,"d":"4,214.98"},{"$nulls":3},0,{"$nulls":3},0]
["KIT CILINDRO PNEUM.","8124457","NR",4,{"v":401.40100000000007,"d":"401.40"},{"v":1605.6040000000003,"d":"1,605.60"},{"$nulls":3},0,{"$nulls":3},0]
["KIT COMPRESSORE ARIA","42534533","NR",2,{"v":249.83200000000002,"d":"249.83"},{"v":499.66400000000004,"d":"499.66"},{"$nulls":3},0,{"$nulls":3},0]
["KIT COMPRESSORE ","42560760","NR",30,{"v":747.791,"d":"747.79"},{"v":22433.730000000003,"d":"22,433.73"},{"$nulls":3},0,{"$nulls":3},0]
["KIT DISCO FRENO","93161407","NR",12,{"v":1705.7040000000002,"d":"1,705.70"},{"v":20468.448000000004,"d":"20,468.45"},{"$nulls":3},0,{"$nulls":3},0]
["KIT GUARNIZIONE","1907849","NR",20,{"v":1928.1790000000003,"d":"1,928.18"},{"v":38563.58000000001,"d":"38,563.58"},{"$nulls":3},0,{"$nulls":3},0]
["KIT PASTIGLIE FRENI ","42568839","NR",28,{"v":944.933,"d":"944.93"},{"v":26458.124,"d":"26,458.12"},{"$nulls":3},0,{"$nulls":3},0]
["KIT PASTIGLIE FRENO","42535773","NR",8,{"v":944.933,"d":"944.93"},{"v":7559.464,"d":"7,559.46"},{"$nulls":3},0,{"$nulls":3},0]
["KIT PERNO FUSO","1908632","NR",2,{"v":435.72100000000006,"d":"435.72"},{"v":871.4420000000001,"d":"871.44"},{"$nulls":3},0,{"$nulls":3},0]
["KIT PERNO FUSO ","1908631","NR",2,{"v":435.72100000000006,"d":"435.72"},{"v":871.4420000000001,"d":"871.44"},{"$nulls":3},0,{"$nulls":3},0]
["KIT SEDILE ","93162054","NR",60,{"v":387.112,"d":"387.11"},{"v":23226.72,"d":"23,226.72"},{"$nulls":3},0,{"$nulls":3},0]
["KIT SEGMENTI FRENO","2992006","NR",4,{"v":606.892,"d":"606.89"},{"v":2427.568,"d":"2,427.57"},{"$nulls":3},0,{"$nulls":3},0]
["KIT SMERIGLIO VALVOLE","2991692","NR",2,{"v":1278.035,"d":"1,278.04"},{"v":2556.07,"d":"2,556.07"},{"$nulls":3},0,{"$nulls":3},0]
["KIT VALVOLE","42492090","NR",70,{"v":76.64800000000001,"d":"76.65"},{"v":5365.360000000001,"d":"5,365.36"},{"$nulls":3},0,{"$nulls":3},0]
["LINGUETTA","17843520","NR",200,{"v":4.0920000000000005,"d":"4.09"},{"v":818.4000000000001,"d":"818.40"},{"$nulls":3},0,{"$nulls":3},0]
["LUCE DI INGOMBRO","99441287","NR",20,{"v":25.091,"d":"25.09"},{"v":501.82000000000005,"d":"501.82"},{"$nulls":3},0,{"$nulls":3},0]
["LUCE DI INGOMBRO","99441288","NR",350,{"v":24.970000000000002,"d":"24.97"},{"v":8739.5,"d":"8,739.50"},{"$nulls":3},0,{"$nulls":3},0]
["LUCE DI INGOMBRO","99441302","NR",10,{"v":25.091,"d":"25.09"},{"v":250.91000000000003,"d":"250.91"},{"$nulls":3},0,{"$nulls":3},0]
["LUCE TARGA","98449391","NR",60,{"v":35.717,"d":"35.72"},{"v":2143.02,"d":"2,143.02"},{"$nulls":3},0,{"$nulls":3},0]
["LUNOTTO POSTERIORE","99488813","NR",2,{"v":1495.571,"d":"1,495.57"},{"v":2991.142,"d":"2,991.14"},{"$nulls":3},0,{"$nulls":3},0]
["MANETTINO FRENO","8137037","NR",4,{"v":190.344,"d":"190.34"},{"v":761.376,"d":"761.38"},{"$nulls":3},0,{"$nulls":3},0]
["MANETTINO FRENO","500303739","NR",4,{"v":190.344,"d":"190.34"},{"v":761.376,"d":"761.38"},{"$nulls":3},0,{"$nulls":3},0]
["MANICOTTO","61321610","NR",62,{"v":57.728,"d":"57.73"},{"v":3579.136,"d":"3,579.14"},{"$nulls":3},0,{"$nulls":3},0]
["MANICOTTO ACQUA","98420627","NR",56,{"v":217.536,"d":"217.54"},{"v":12182.016,"d":"12,182.02"},{"$nulls":3},0,{"$nulls":3},0]
["MANICOTTO ","61321101","NR",92,{"v":17.666,"d":"17.67"},{"v":1625.272,"d":"1,625.27"},{"$nulls":3},0,{"$nulls":3},0]
["MECCANISMO","500311093","NR",40,{"v":578.4570000000001,"d":"578.46"},{"v":23138.280000000006,"d":"23,138.28"},{"$nulls":3},0,{"$nulls":3},0]
["MEMBRANA","4843220","NR",8,{"v":358.77600000000007,"d":"358.78"},{"v":2870.2080000000005,"d":"2,870.21"},{"$nulls":3},0,{"$nulls":3},0]
["MOZZO PER SMORZATORE","61317126","NR",44,{"v":147.80700000000002,"d":"147.81"},{"v":6503.508000000001,"d":"6,503.51"},{"$nulls":3},0,{"$nulls":3},0]
["PARABREZZA","99487667","NR",2,{"v":2878.414,"d":"2,878.41"},{"v":5756.828,"d":"5,756.83"},{"$nulls":3},0,{"$nulls":3},0]
["PASTICCHE","42536301","NR",4,{"v":803.407,"d":"803.41"},{"v":3213.628,"d":"3,213.63"},{"$nulls":3},0,{"$nulls":3},0]
["PASTIGLIE FRENO","500054632","NR",32,{"v":302.67600000000004,"d":"302.68"},{"v":9685.632000000001,"d":"9,685.63"},{"$nulls":3},0,{"$nulls":3},0]
["PATTINI FRENO","1906216","NR",4,{"v":849.7500000000001,"d":"849.75"},{"v":3399.0000000000005,"d":"3,399.00"},{"$nulls":3},0,{"$nulls":3},0]
["PATTINI FRENO","93161314","NR",8,{"v":888.7340000000002,"d":"888.73"},{"v":7109.872000000001,"d":"7,109.87"},{"$nulls":3},0,{"$nulls":3},0]
["PERNI TESTA CORTI","48551870","NR",70,18.26,{"v":1278.2,"d":"1,278.20"},{"$nulls":3},0,{"$nulls":3},0]
["PERNO","500317551","NR",200,{"v":24.101000000000003,"d":"24.10"},{"v":4820.200000000001,"d":"4,820.20"},{"$nulls":3},0,{"$nulls":3},0]
["PERNO SFERICO","18008411","NR",20,{"v":8.668000000000001,"d":"8.67"},173.36,{"$nulls":3},0,{"$nulls":3},0]
["PINZA FRENI ","42561702","NR",2,{"v":2002.352,"d":"2,002.35"},{"v":4004.704,"d":"4,004.70"},{"$nulls":3},0,{"$nulls":3},0]
["PINZA FRENI","42561701","NR",2,{"v":2002.352,"d":"2,002.35"},{"v":4004.704,"d":"4,004.70"},{"$nulls":3},0,{"$nulls":3},0]
["PINZA FRENO ","41025290","NR",2,{"v":1705.7040000000002,"d":"1,705.70"},{"v":3411.4080000000004,"d":"3,411.41"},{"$nulls":3},0,{"$nulls":3},0]
["PINZA FRENO ","41025289","NR",2,{"v":1705.7040000000002,"d":"1,705.70"},{"v":3411.4080000000004,"d":"3,411.41"},{"$nulls":3},0,{"$nulls":3},0]
["PISTONE ","2996822","NR",16,{"v":531.6080000000001,"d":"531.61"},{"v":8505.728000000001,"d":"8,505.73"},{"$nulls":3},0,{"$nulls":3},0]
["PISTONE","2996825","NR",6,{"v":700.216,"d":"700.22"},{"v":4201.296,"d":"4,201.30"},{"$nulls":3},0,{"$nulls":3},0]
["POMELLO","98451148","NR",56,{"v":7.227000000000001,"d":"7.23"},{"$f":"D132*E132","v":{"v":404.71200000000005,"d":"404.71"}},{"$nulls":3},0,{"$nulls":3},0]
["POMP.ALIM.","4795614","NR",2,{"v":249.678,"d":"249.68"},{"v":499.356,"d":"499.36"},{"$nulls":3},0,{"$nulls":3},0]
["POMPA ACQUA","42535615","NR",6,{"v":497.607,"d":"497.61"},{"v":2985.6420000000003,"d":"2,985.64"},{"$nulls":3},{"$f":"I134*D134","v":0},{"$nulls":3},{"$f":"M134*D134","v":0}]
["POMPA ACQUA","61317100","NR",2,{"v":295.40500000000003,"d":"295.41"},{"v":590.8100000000001,"d":"590.81"},{"$nulls":3},0,{"$nulls":3},0]
["POMPA GASOLIO","42574297","NR",40,{"v":1181.9170000000001,"d":"1,181.92"},{"v":47276.68000000001,"d":"47,276.68"},{"$nulls":3},0,{"$nulls":3},0]
["POMPA GASOLIO ","93192905","NR",40,{"v":1076.46,"d":"1,076.46"},{"v":43058.4,"d":"43,058.40"},{"$nulls":3},0,{"$nulls":3},0]
["POMPA OLIO","4853298","NR",4,{"v":480.81000000000006,"d":"480.81"},{"v":1923.2400000000002,"d":"1,923.24"},{"$nulls":3},0,{"$nulls":3},0]
["POMPA OLIO","61319221","NR",2,{"v":673.629,"d":"673.63"},{"v":1347.258,"d":"1,347.26"},{"$nulls":3},0,{"$nulls":3},0]
["POMPA OLIO ","504128371","NR",2,{"v":659.9560000000001,"d":"659.96"},{"v":1319.9120000000003,"d":"1,319.91"},{"$nulls":3},0,{"$nulls":3},0]
["PROFILO ","1903427","NR",40,{"v":12.925,"d":"12.93"},{"v":517,"d":"517.00"},{"$nulls":3},0,{"$nulls":3},0]
["PULEGGIA","500317245","NR",6,{"v":253.38500000000002,"d":"253.39"},{"v":1520.3100000000002,"d":"1,520.31"},{"$nulls":3},0,{"$nulls":3},0]
["PULEGGIA ","61320914","NR",40,{"v":515.515,"d":"515.52"},{"v":20620.6,"d":"20,620.60"},{"$nulls":3},0,{"$nulls":3},0]
["PUNTONE TIRANTE","61318894","NR",8,{"v":7.469,"d":"7.47"},{"v":59.752,"d":"59.75"},{"$nulls":3},0,{"$nulls":3},0]
["RACCORDO ","16500511","NR",70,{"v":13.101,"d":"13.10"},917.07,{"$nulls":3},0,{"$nulls":3},0]
["RADIATORE ","2997764","NR",4,{"v":3657.3680000000004,"d":"3,657.37"},{"v":14629.472000000002,"d":"14,629.47"},{"$nulls":3},0,{"$nulls":3},0]
["RADIATORE ","42471084","NR",40,{"v":871.3870000000001,"d":"871.39"},{"v":34855.48,"d":"34,855.48"},{"$nulls":3},0,{"$nulls":3},0]
["RESISTENZA ","98449381","NR",140,{"v":97.075,"d":"97.08"},{"v":13590.5,"d":"13,590.50"},{"$nulls":3},0,{"$nulls":3},0]
["RIPARO","500354906","NR",70,{"v":218.28400000000002,"d":"218.28"},{"v":15279.880000000001,"d":"15,279.88"},{"$nulls":3},0,{"$nulls":3},0]
["RIVESTIMENTO","500333209","NR",2,{"v":10.208,"d":"10.21"},{"v":20.416,"d":"20.42"},{"$nulls":3},0,{"$nulls":3},0]
["RONDELLA","42534835","NR",200,{"v":16.632,"d":"16.63"},{"v":3326.4,"d":"3,326.40"},{"$nulls":3},0,{"$nulls":3},0]
["RONDELLA","99436635","NR",200,{"v":0.913,"d":"0.91"},{"v":182.6,"d":"182.60"},{"$nulls":3},0,{"$nulls":3},0]
["ROSETTA","93163319","NR",200,{"v":2.123,"d":"2.12"},{"v":424.6,"d":"424.60"},{"$nulls":3},0,{"$nulls":3},0]
["ROSETTA ELASTICA","17800574","NR",200,{"v":0.25300000000000006,"d":"0.25"},{"v":50.60000000000001,"d":"50.60"},{"$nulls":3},0,{"$nulls":3},0]
["RUBINETTO","97498321","NR",74,67.98,{"v":5030.52,"d":"5,030.52"},{"$nulls":3},0,{"$nulls":3},0]
["RUOTA A DISCO ","5801754223","NR",60,{"v":408.529,"d":"408.53"},{"v":24511.739999999998,"d":"24,511.74"},{"$nulls":3},0,{"$nulls":3},0]
["S.PASTIGLIE FRENI","42568833","NR",12,{"v":849.7500000000001,"d":"849.75"},{"v":10197.000000000002,"d":"10,197.00"},{"$nulls":3},0,{"$nulls":3},0]
["S.PATTINI FRENO","500086004","NR",8,{"v":298.16600000000005,"d":"298.17"},{"v":2385.3280000000004,"d":"2,385.33"},{"$nulls":3},0,{"$nulls":3},0]
["SEDE PERNO SFERICO","18007811","NR",20,{"v":7.216,"d":"7.22"},144.32,{"$nulls":3},0,{"$nulls":3},0]
["SEMICUSCINETTI","1908950","NR",96,{"v":25.839,"d":"25.84"},{"v":2480.544,"d":"2,480.54"},{"$nulls":3},0,{"$nulls":3},0]
["SERBATOIO COMPENSAZ.ACQUA","4820437","NR",50,{"v":186.20800000000003,"d":"186.21"},{"v":9310.400000000001,"d":"9,310.40"},{"$nulls":3},0,{"$nulls":3},0]
["SERIE ANELLI SPALLAMENTO","1902562","NR",2,{"v":66.14300000000001,"d":"66.14"},{"v":132.28600000000003,"d":"132.29"},{"$nulls":3},0,{"$nulls":3},0]
["SERIE BRONZINE DI BANCO ","1908947","NR",40,{"v":226.18200000000002,"d":"226.18"},{"v":9047.28,"d":"9,047.28"},{"$nulls":3},0,{"$nulls":3},0]
["SERIE CANNETTE ","504342176","NR",70,{"v":294.965,"d":"294.97"},{"v":20647.55,"d":"20,647.55"},{"$nulls":3},0,{"$nulls":3},0]
["SERIE CINGHIE TRAPEZ. ","500379181","NR",60,{"v":86.526,"d":"86.53"},{"v":5191.5599999999995,"d":"5,191.56"},{"$nulls":3},0,{"$nulls":3},0]
["SERIE GUARNIZIONI","1908860","NR",16,{"v":1168.035,"d":"1,168.04"},{"v":18688.56,"d":"18,688.56"},{"$nulls":3},0,{"$nulls":3},0]
["SILENTBLOCK","42534897","NR",200,{"v":17.193,"d":"17.19"},{"v":3438.6000000000004,"d":"3,438.60"},{"$nulls":3},0,{"$nulls":3},0]
["SILENTBLOCK","99432757","NR",20,{"v":85.272,"d":"85.27"},{"v":1705.44,"d":"1,705.44"},{"$nulls":3},0,{"$nulls":3},0]
["SILENTBLOCK","99431298","NR",24,{"v":95.78800000000001,"d":"95.79"},{"v":2298.9120000000003,"d":"2,298.91"},{"$nulls":3},0,{"$nulls":3},0]
["SMORZATORE","2997583","NR",2,{"v":1454.794,"d":"1,454.79"},{"v":2909.588,"d":"2,909.59"},{"$nulls":3},0,{"$nulls":3},0]
["SNODO","500056188","NR",8,{"v":49.44500000000001,"d":"49.45"},{"v":395.56000000000006,"d":"395.56"},{"$nulls":3},0,{"$nulls":3},0]
["SNODO","503136164","NR",6,{"v":49.56600000000001,"d":"49.57"},{"v":297.3960000000001,"d":"297.40"},{"$nulls":3},0,{"$nulls":3},0]
["SNODO","8198187","NR",10,{"v":49.56600000000001,"d":"49.57"},{"v":495.6600000000001,"d":"495.66"},{"$nulls":3},0,{"$nulls":3},0]
["SNODO","8198188","NR",10,{"v":49.44500000000001,"d":"49.45"},{"v":494.45000000000005,"d":"494.45"},{"$nulls":3},0,{"$nulls":3},0]
["SONDA","42471120","NR",64,{"v":70.53200000000001,"d":"70.53"},{"v":4514.048000000001,"d":"4,514.05"},{"$nulls":3},0,{"$nulls":3},0]
["SPAZZOLA TERGI","99459864","NR",10,{"v":89.001,"d":"89.00"},890.01,{"$nulls":3},0,{"$nulls":3},0]
["SUPPORTO","504027053","NR",50,{"v":247.203,"d":"247.20"},{"v":12360.15,"d":"12,360.15"},{"$nulls":3},0,{"$nulls":3},0]
["SUPPORTO","99448016","NR",48,10.56,506.88,{"$nulls":3},0,{"$nulls":3},0]
["TAMBURO FRENI ","7172079","NR",4,{"v":253.00000000000003,"d":"253.00"},{"v":1012.0000000000001,"d":"1,012.00"},{"$nulls":3},0,{"$nulls":3},0]
["TAPPO","42535682","NR",140,{"v":79.101,"d":"79.10"},{"v":11074.14,"d":"11,074.14"},{"$nulls":3},0,{"$nulls":3},0]
["TAPPO ","1797115","NR",4,6.38,25.52,{"$nulls":3},0,{"$nulls":3},0]
["TAPPO ","98479229","NR",200,{"v":11.924000000000001,"d":"11.92"},{"v":2384.8,"d":"2,384.80"},{"$nulls":3},0,{"$nulls":3},0]
["TAPPO ","10275311","NR",56,{"v":14.839000000000002,"d":"14.84"},{"v":830.9840000000002,"d":"830.98"},{"$nulls":3},0,{"$nulls":3},0]
["TENDINA","500334962","NR",70,{"v":304.06200000000007,"d":"304.06"},{"v":21284.340000000004,"d":"21,284.34"},{"$nulls":3},0,{"$nulls":3},0]
["TENDINA ","500334963","NR",70,{"v":368.46700000000004,"d":"368.47"},{"v":25792.690000000002,"d":"25,792.69"},{"$nulls":3},0,{"$nulls":3},0]
["TESTA ","98493611","NR",10,{"v":37.708000000000006,"d":"37.71"},{"v":377.08000000000004,"d":"377.08"},{"$nulls":3},0,{"$nulls":3},0]
["TESTA","42491957","NR",10,{"v":163.14100000000002,"d":"163.14"},{"v":1631.4100000000003,"d":"1,631.41"},{"$nulls":3},0,{"$nulls":3},0]
["TESTA","4833822","NR",10,245.96,{"v":2459.6,"d":"2,459.60"},{"$nulls":3},0,{"$nulls":3},0]
["TIRANTE","98493605","NR",4,{"v":80.058,"d":"80.06"},{"v":320.232,"d":"320.23"},{"$nulls":3},0,{"$nulls":3},0]
["TIRANTE","5801496431","NR",10,{"v":451.231,"d":"451.23"},{"v":4512.3099999999995,"d":"4,512.31"},{"$nulls":3},0,{"$nulls":3},0]
["TUBAZIONE","61321220","NR",90,{"v":154.50600000000003,"d":"154.51"},{"v":13905.540000000003,"d":"13,905.54"},{"$nulls":3},0,{"$nulls":3},0]
["TUBO ","98435518","NR",48,{"v":71.19200000000001,"d":"71.19"},{"v":3417.2160000000003,"d":"3,417.22"},{"$nulls":3},0,{"$nulls":3},0]
["TUBO ","98480509","NR",2,{"v":142.395,"d":"142.40"},284.79,{"$nulls":3},0,{"$nulls":3},0]
["TUBO ","99458846","NR",130,{"v":70.455,"d":"70.46"},{"v":9159.15,"d":"9,159.15"},{"$nulls":3},0,{"$nulls":3},0]
["TUBO ","98435519","NR",78,{"v":63.426,"d":"63.43"},{"v":4947.228,"d":"4,947.23"},{"$nulls":3},0,{"$nulls":3},0]
["TURBINA ","504033071","NR",2,{"v":1630.31,"d":"1,630.31"},{"$f":"D196*E196","v":{"v":3260.62,"d":"3,260.62"}},{"$nulls":3},0,{"$nulls":3},0]
["TURBINA ","3597546","NR",2,{"v":1540.583,"d":"1,540.58"},{"v":3081.166,"d":"3,081.17"},{"$nulls":3},0,{"$nulls":3},0]
["VALVOLA","61318010","NR",76,{"v":106.30400000000002,"d":"106.30"},{"v":8079.104000000001,"d":"8,079.10"},{"$nulls":3},{"$f":"I198*D198","v":0},{"$nulls":3},{"$f":"M198*D198","v":0}]
["VALVOLA ","2997860","NR",36,{"v":78.49600000000001,"d":"78.50"},{"v":2825.856,"d":"2,825.86"},{"$nulls":3},0,{"$nulls":3},0]
["VALVOLA","4784695","NR",2,{"v":214.81900000000002,"d":"214.82"},{"v":429.63800000000003,"d":"429.64"},{"$nulls":3},0,{"$nulls":3},0]
["VALVOLA","2997859","NR",36,{"v":126.08200000000002,"d":"126.08"},{"v":4538.952000000001,"d":"4,538.95"},{"$nulls":3},0,{"$nulls":3},0]
["VALVOLA ","1908427","NR",12,{"v":60.071000000000005,"d":"60.07"},{"v":720.8520000000001,"d":"720.85"},{"$nulls":3},0,{"$nulls":3},0]
["VITE","16606324","NR",200,0.66,{"v":132,"d":"132.00"},{"$nulls":3},0,{"$nulls":3},0]
["VITE ","42532905","NR",220,10.01,{"v":2202.2,"d":"2,202.20"},{"$nulls":3},0,{"$nulls":3},0]
["VITE ","8193673","NR",60,{"v":7.139000000000001,"d":"7.14"},{"v":428.3400000000001,"d":"428.34"},{"$nulls":3},0,{"$nulls":3},0]
["VITE ","16599125","NR",200,3.08,{"v":616,"d":"616.00"},{"$nulls":3},0,{"$nulls":3},0]
["VITE ","16746824","NR",200,{"v":1.045,"d":"1.05"},{"v":209,"d":"209.00"},{"$nulls":3},0,{"$nulls":3},0]
["VITE TESTA ","16607634","NR",200,{"v":0.902,"d":"0.90"},{"v":180.4,"d":"180.40"},{"$nulls":3},0,{"$nulls":3},0]
["PREZZO TOTALE LISTINO RICAMBI ",{"$nulls":4},{"$f":"SUM(F4:F208)","v":{"v":1408000.0000000007,"d":"1,408,000.00"}},"PREZZO TOTALE RICAMBI ORIGINALI OFFERTI (A)",null,null,{"$f":"SUM(J4:J208)","v":0},"PREZZO TOTALE RICAMBI EQUIVALENTI OFFERTI (B)",null,null,{"$f":"SUM(N4:N208)","v":0}]
[]
[]
[{"$nulls":6},"PREZZO TOTALE OFFERTO (A+B) IN CIFRE     €",{"$nulls":5},{"$f":"J209+N209","v":0}]
[]
["SCONTI RICAMBI FUORI LISTINO",{"$nulls":5},"PREZZO TOTALE OFFERTO (A+B) IN LETTERE     €"]
["TIPOLOOGIA DI RICAMBI","CATEGORIA LISTINO","Sconto\nOfferto\n%"]
["ORIGINALE","P"]
["ORIGINALE","Q"]
["ORIGINALE","R"]
["ORIGINALE","S"]
["ORIGINALE","T"]
["ORIGINALE","U"]
["ORIGINALE","V",{"$nulls":3},"Data____________________________",null,null,"Timbro Ditta e firma________________________________________"]
["EQUIVALENTE"]